000 00238nam a2200097Ia 4500
001 650156
005 20250826154354.0
008 250824s9999 xx 000 0 und d
245 0 _aKIR GEZİSİ
_cGÜLTEN DAYIOĞLU
260 _bALTIN KİTAPLAR
999 _c650156
_d650156